| 000 | 01552nam2a22002531 4500 | ||
|---|---|---|---|
| 001 | RU\NLR\INFOCOMM18\1000237083 | ||
| 005 | 20050126160735.0 | ||
| 035 | _a(NLR Aleph) 002422895 | ||
| 090 |
_a1921404 _c1921404 |
||
| 100 | _a20050126d1969 |||y0rusy50 ca | ||
| 101 | 0 | _arus | |
| 102 | _aRU | ||
| 105 | _ay ||||||||| | ||
| 200 | 1 |
_aПресс-ножницы для переработки лома _fГ.И. Дубовой |
|
| 210 | _d1969 | ||
| 461 | 0 |
_1001RU\NLR\INFOCOMM18\1000237073 _12001#$aОбзорная информация$hСерия 18$iПодготовка лома черных металлов$fМ-во черной металлургии СССР. ЦНИИ информации и техн.-экон. исследований черной металлургии$v1969, №2 _91921314 _aЦентральный научно-исследовательский институт информации и технико-экономических исследований черной металлургии (Москва) _cМ. _d1968-1975 _fМ-во черной металлургии СССР. ЦНИИ информации и техн.-экон. исследований черной металлургии _hСерия 18 _iПодготовка лома черных металлов _tОбзорная информация _v1969, №2 |
|
| 700 | 1 |
_aДубовой _bГ. И. _4070 |
|
| 801 | 0 |
_aRU _bNLR _gPSBO |
|
| 801 | 1 |
_aRU _bInfoComm _c20050126 |
|
| 852 |
_aNLR _jП11/2790 |
||
| 942 | _cISSUE | ||
| 980 | _aNB | ||
| 980 | _aRUSPER | ||